Postavenie konateľov a spoločníkov z pohľadu zdravotného a sociálneho poistenia

Postavenie konateľov a spoločníkov, obchodné záväzkové vzťahy, ako aj niektoré iné vzťahy súvisiace s podnikaním upravuje Obchodný zákonník (ďalej „ObZ“). S pôsobením obchodných spoločností priamo súvisí aj postavenie spoločníkov a konateľov obchodných spoločností. Počnúc rokom 2011 nadobudli konate...

Celý popis

Uložené v:
Podrobná bibliografia
Hlavný autor: Matlovičová, Iveta
Médium: Kapitola
Jazyk:Slovak
Predmet:
Tagy: Pridať tag
Žiadne tagy, Buďte prvý, kto otaguje tento záznam!

MARC

LEADER 00000naa a2200000 4500
001 0311413
005 20250703093418.8
041 0 |a slo 
044 |a SK 
245 1 0 |a Postavenie konateľov a spoločníkov z pohľadu zdravotného a sociálneho poistenia  |c Iveta Matlovičová 
520 |a Postavenie konateľov a spoločníkov, obchodné záväzkové vzťahy, ako aj niektoré iné vzťahy súvisiace s podnikaním upravuje Obchodný zákonník (ďalej „ObZ“). S pôsobením obchodných spoločností priamo súvisí aj postavenie spoločníkov a konateľov obchodných spoločností. Počnúc rokom 2011 nadobudli konatelia a spoločníci postavenie zamestnanca na účely zdravotného a sociálneho poistenia a vznikla im zákonná povinnosť odvádzať z vyplatenej odmeny odvody na zdravotné a sociálne poistenie. 
610 2 0 |a konatelia 
610 2 0 |a spoločníci 
610 2 0 |a poistenie sociálne 
610 2 0 |a poistenie zdravotné 
610 2 0 |a zákonník obchodný 
100 1 |a Matlovičová, Iveta